Movie by Difficulty XII Quiz Stats

 Plays Quiz Updated Nov 20, 2017

Challenge
Share
Tweet
Score 0/30 Timer 08:00
2 Plays Today
% Correct
Men in Black
99.4%
Speed
89.5%
The Exorcist
89.2%
The Social Network
86.5%
Liar Liar
86.4%
Taxi Driver
80.3%
American History X
78.3%
The Terminal
76.1%
Office Space
75.4%
Beetlejuice
71.4%
Big Trouble in Little China
49%
Being John Malkovich
44.9%
Lion
39.4%
Public Enemies
39.2%
EuroTrip
38.5%
% Correct
The Village
37.3%
Serenity
36.1%
Any Given Sunday
32.6%
The Ides of March
32.2%
Brazil
21.1%
Mr. Holland's Opus
12.1%
Coffee and Cigarettes
11.9%
Lords of Dogtown
9.8%
Joy Ride
8%
Perfume: The Story of a Murderer
8%
Blue Ruin
4.4%
Find Me Guilty
4.3%
Assault on Precinct 13
3.2%
Bully
3.2%
Upside Down
2.1%

You're not logged in!

Compare scores with friends on all Sporcle quizzes.
OR
Log In

You Might Also Like...

Show Comments

Extras

Top Quizzes Today


Score Distribution

Your Account Isn't Verified!

In order to create a playlist on Sporcle, you need to verify the email address you used during registration. Go to your Sporcle Settings to finish the process.

Report this User

Report this user for behavior that violates our Community Guidelines.

Details: